000
nam a22 7a 4500
999
_c
43801
_d
43801
003
OSt
005
20180221093100.0
008
180221b xxu||||| |||| 00| 0 eng d
040
_c
IIMT
100
_a
SINGH,AVTAR
245
_a
COMPANY LAW
_h
ENGLISH
260
_a
LUCKNOW
_b
EASTERN BOOK COMPANY
_c
2016
300
_a
783
942
_2
ddc
_c
02